| 000 | 00000nam##2200000za#4500 |
| 001 | 9.571089 |
| 003 | CaOODSP |
| 005 | 20210624182544 |
| 007 | cr ||||||||||| |
| 008 | 150406|2007||||xxc|||||o f|0| 0 eng|d |
| 022 | |a1919-3769 |
| 040 | |aCaOODSP|beng |
| 043 | |an-cn--- |
| 086 | 1 |aFs70-7/2007-008E-PDF |
| 110 | 1 |aCanada. |bDepartment of Fisheries and Oceans. |bNational Capital Region. |
| 245 | 12|aA review of ice conditions and potential impact on harp seal neonatal mortality in March 2007 |h[electronic resource] |
| 246 | 1 |aNational Capital Region - science response, ice conditions and potential impact on harp seal neonatal mortality |
| 260 | |aOttawa - Ontario : |bFisheries and Oceans Canada. |cJuly 2007. |
| 300 | |a8p.|bcoloured map, references, table |
| 490 | 1 |aCanadian Science Advisory Secretariat - science response |x1919-3769|v2007/008, National Capital Region |
| 590 | |a11-22-Supp|b2011-10-13 |
| 775 | 08|tExamen de l'état des glaces et de son impact potentiel sur la mortalité néonatale chez le phoque du Groenland en mars 2007 |w(CaOODSP)9.601733 |
| 830 | #0|aScience response (Canadian Science Advisory Secretariat)|x1919-3769|v2007/008, National Capital Region|w(CaOODSP)9.506232 |
| 856 | 40|ahttp://publications.gc.ca|qPDF|s110 KB|uhttps://publications.gc.ca/collections/collection_2011/mpo-dfo/Fs70-7-2007-008-eng.pdf|y2007/008, National Capital Region |